ბათუმის შოთა რუსთაველის სახელმწიფო უნივერსიტეტის ბიბლიოთეკა

ჩანაწერი Personal Name

ჩანაწერთა რაოდენობა, რომელიც გამოყენებულია: 1

001 - CONTROL NUMBER

  • control field: 14978

003 - CONTROL NUMBER IDENTIFIER

  • control field: GE_BSU

005 - DATE AND TIME OF LATEST TRANSACTION

  • control field: 20221003152245.0

008 - FIXED-LENGTH DATA ELEMENTS

  • fixed length control field: 221003|| aca||aabn | a|a d

040 ## - CATALOGING SOURCE

  • Original cataloging agency: GE_BSU
  • Transcribing agency: GE_BSU

100 ## - HEADING--PERSONAL NAME

  • Personal name: ბოცვაძე, ცისანა-მარიამ
  • Relator term: მთარგმნელი

670 ## - SOURCE DATA FOUND

  • Source citation: Work cat.: (GE_BSU)41340: ახალაძე,ადამი ( ვახტანგ;არქიმანდრიტი). 14970, ბიოეთიკა:გენეზისი,არსი,მერმისი=Bioethics: Genesis,essence,futurity=Биоэтика:Генезис,сущность,будущность /